000
00296nam a2200145Ia 4500
100
_a
CIMI-D.G.T.Z
650
_a
Turner
942
_c
BK
654
_a
turner
245
_a
Turner-Second year Assignment
260
_b
CIMI
_a
Chennai
082
_a
621.9
_b
CIM
300
_a
47
546
_a
ENGLISH
999
_c
31903
_d
31903